|
|
|
|
| LEADER |
02225nam a2200469 a 4500 |
| 001 |
mzk03001066500 |
| 003 |
CZ BrMZK |
| 005 |
20221121110550.0 |
| 007 |
ta |
| 008 |
081106e14960415it fr|||||00| ||latod |
| 040 |
|
|
|a BOA001
|b cze
|
| 072 |
|
7 |
|a 093
|x Prvotisky
|2 Konspekt
|9 12
|
| 080 |
|
|
|a (0.068)093
|2 MRF
|
| 100 |
0 |
|
|a Kateřina Sienská,
|c svatá,
|d 1347-1380
|7 jn20000603312
|4 aut
|
| 245 |
1 |
0 |
|a Libro della divina dottrina /
|c In latinum Raimundus de Vineis vertit
|
| 246 |
3 |
3 |
|a Dialogus Seraphice ac Diue Catharine de Senis cum nonullis aliis orationibus
|
| 260 |
|
|
|a Brixiae :
|b Bernardinus Misinta 15.4.,
|c 1496
|
| 300 |
|
|
|a a-z8, &8 [= 184] listů ;
|c 8°
|
| 500 |
|
|
|a Několik latinských glos ze 16. století
|
| 500 |
|
|
|a Poslední list je nepotištěný
|
| 505 |
2 |
|
|a Orazioni scelte
|
| 510 |
4 |
|
|a ISTC,
|c ic00285000
|u https://data.cerl.org/istc/ic00285000
|
| 510 |
4 |
|
|a Dokoupil, V. Soupis prvotisků, spravovaných Universitní knihovnou v Brně,
|c 339
|
| 510 |
4 |
|
|a Gesamtkatalog der Wiegendrucke,
|c 6226
|
| 510 |
4 |
|
|a Hain, L. Repertorium Bibliographicum, in quo libri omnes ab arte typographica inventa usque ad annum MD,
|c 4693
|
| 510 |
4 |
|
|a Copinger, W.A. Supplement to Hain´s Repertorium Bibliographicum
|c I, 4693
|
| 510 |
4 |
|
|a Pindter, R. Die Incunabeln in der Fideicommiss-Bibliothek des Fürsten Dietrichstein auf Schloss Nikolsburg,
|c 6, s. 28
|
| 563 |
|
|
|a Vazba z latinského pergamenového rukopisu ze 14. století, hřbet z bílé vepřovice se slepotiskem (hlavičky). Chybějící přední deska a část hřbetu později doplněny
|
| 500 |
|
|
|a Dostupné též v digitální podobě v aplikaci Kramerius
|
| 655 |
|
7 |
|a prvotisky
|7 fd422077
|2 czenas
|
| 700 |
0 |
|
|a Raimundus de Capua,
|d 1330-1399
|4 trl
|
| 740 |
0 |
2 |
|a Orazioni scelte
|
| 856 |
4 |
1 |
|u http://www.digitalniknihovna.cz/mzk/view/uuid:049f0086-0723-4442-81f4-1780813883f2
|y Digitalizovaný dokument
|
| 903 |
|
|
|a RP
|
| 910 |
|
|
|a BOA001
|b MkP-0000.205
|
| 978 |
|
|
|b Misinta, Bernardino
|a Brescia
|c 1496
|
| 984 |
|
|
|a Brescia
|b Itálie
|
| 985 |
|
|
|a 1451-1500
|
| 990 |
|
|
|a BK
|
| 993 |
|
|
|a Y
|
| 991 |
|
|
|k mzk
|
| 996 |
6 |
|
|b 2610397971
|c MkP-0000.205
|l stud. ST
|r Sklad / do násl. otevíracího dne
|n 0
|w 001074501
|u 000010
|a 1
|e BOA001
|s P
|